| 000 | 00738nam a2200205 a 4500 | ||
|---|---|---|---|
| 001 | 001342883 | ||
| 003 | AM-YeHGA | ||
| 005 | 20250618074636.0 | ||
| 008 | 170323s2016 is o|||e||||||00||0|arm|| | ||
| 040 | _aAM-YeHGA | ||
| 041 | 0 | _aarm | |
| 100 | 1 | _aՆագգաշեան, Անուշ | |
| 245 | 1 | 0 |
_aԱյդ սերմը ես էի... / _cԱնուշ Նագգաշեան. |
| 260 |
_aԵրուսաղէմ ։ _bՆոյ, _c2016. |
||
| 300 |
_a122 էջ, 6 թերթ լուսանկար : _bլուսանկար; _c21 սմ. |
||
| 650 | 1 | 4 |
_aՀայոց ցեղասպանություն (1915-1923) _vԱնձնական պատմություններ _95101 |
| 650 | 1 | 4 | _aՍփյուռքահայ հուշագրություն |
| 942 |
_2udc _cBK |
||
| 090 | _c383278 | ||
| 999 |
_c381345 _d381345 |
||